| 000 | 00667nam a2200241Ia 4500 | ||
|---|---|---|---|
| 008 | 160303s9999 xx 000 0 und d | ||
| 020 | _a971-118-135-5 | ||
| 050 | _aFIL QH 332 | ||
| 050 | _b.T56 1993 c.2 | ||
| 100 | _aTimbreza, Florentino. | ||
| 245 | _aBioethics and moral decisions / | ||
| 245 | _cFlorentino Timbreza. | ||
| 260 | _aManila: | ||
| 260 | _bDe La Salle University Press, Inc., | ||
| 260 | _c1993 | ||
| 300 | _a239 pages : | ||
| 300 | _billustrations ; | ||
| 300 | _c23 cm. | ||
| 500 | _aIncludes bibliographical referfences and index. | ||
| 650 | _aBusiness ethics -- | ||
| 650 | _aMedical ethics. | ||
| 650 | _xStudy and teaching. | ||
| 999 |
_c291215 _d291215 |
||